Country Flags That Are Mainly White - Statistics

General Stats
  • This quiz has been taken 36 times
  • The average score is 33 of 38
Answer Stats
Picture Hint Answer % Correct
89.8% Cyprus
100%
60.6% Finland
100%
81.1% Japan
100%
50.0% Poland
100%
78.8% South Korea
100%
59.0% Uruguay
100%
33.3% France
97%
63.8% Georgia
97%
50.0% Indonesia
97%
36.9% Iran
97%
33.3% Ireland
97%
64.6% Israel
97%
33.3% Italy
97%
33.3% Qatar
97%
47.9% Algeria
94%
33.3% Russia
94%
84.0% Afghanistan
90%
37.5% Czech Republic
90%
33.3% Estonia
90%
33.3% Hungary
90%
33.3% Luxembourg
90%
50.0% Monaco
90%
33.3% Netherlands
90%
47.1% Panama
90%
46.6% San Marino
90%
52.8% Singapore
90%
33.3% Ivory Coast
87%
36.5% Serbia
84%
33.3% Yemen
84%
33.3% Bulgaria
81%
33.3% Uzbekistan
81%
33.3% Costa Rica
74%
25.0% United Arab Emirates
71%
34.6% Burundi
68%
36.6% Lesotho
65%
33.3% Madagascar
65%
33.3% Sierra Leone
55%
41.0% Tajikistan
45%
No matching quizzes found
Score Distribution
Percent of People with Each Score
Percentile by Number Answered
Your Score History
You have not taken this quiz